000 01306nam a2200229Ia 4500
001 L235-7791
003 IT-CnALBA
008 170116s9999||||xx |||||||||||||| ||und||
040 _aIT-CnALBA
_cIT-CnALBA
041 _aITALIANO
100 _aD'ANNIBALE RAFFAELE, MONSIGNORE
245 0 _aFATIMA. LA PIÙ SPLENDIDA APOTEOSI DEL ROSARIO. CONSIDERAZIONI, ESEMPI, PREGHIERE E FIORETTI.
250 _a1a ed.
260 _a VICENZA
_bFAVERO L., EDITORE PONTIFICIO
_c1948 [1° Ed.:1948 - Ed.Ling.Originale: 1948]
300 _a344 p. (prefazione: 56)
500 _aROSARIO DONO DELLA VERGINE. VITTORIE DEL ROSARIO. SCUOLA DI MORALE. CONVERSIONE DEGLI EMPI. CONTRO L'INFERNO. ROSARIO E VIRTÙ. VERITÀ DI FEDE. VITA CRISTIANA. MISERICORDIA. CONSOLAZIONE NEL DOLORE. REGNO DI SALVEZZA. FONTE DI GRAZIA. IL PURGATORIO. ROSARI
501 _aSocietà San Paolo EM - Piazza San Paolo, 14 - 12051 ALBA (CN) (non commercial uses only) ® Copyright 2017
520 _aROSARIO DONO DELLA VERGINE. VITTORIE DEL ROSARIO. SCUOLA DI MORALE. CONVERSIONE DEGLI EMPI. CONTRO L'INFERNO. ROSARIO E VIRTÙ. VERITÀ DI FEDE. VITA CRISTIANA. MISERICORDIA. CONSOLAZIONE NEL DOLORE. REGNO DI SALVEZZA. FONTE DI GRAZIA. IL PURGATORIO. ROSARI
650 _aMARIA SS. ANGELI SANTI DEMONI
942 _cBK
957 _71
999 _a8767
_bSI
_g Copie: 1
_c266973
_d266973